000 00786cam a2200193 i 4500
005 20260126123455.0
008 250721s2019 jo gr 000 0 ara d
020 _a9789957162962
082 1 4 _a346.066
_bع ك ي
100 1 _aالعكيلي، عزيز
_eمؤلف.
245 1 2 _aالوسيط في الشركات التجارية :
_bدراسة فقهية قضائية مقارنة في الأحكام العامة والخاصة /
_cالاستاذ الدكتور عزيز العكيلي.
250 _aالطبعة الخامسة.
264 3 1 _aعمان :
_bدار الثقافة للنشر والتوزيع،
_c2019.
300 _a601 صفحة.
650 1 7 _aالقانون التجاري.
650 1 7 _aالشركات.
942 _2ddc
_cBK
999 _c141990
_d141990